LDR 01013naa#a2200169#i#450# 001 RU\\bibl\118969 005 20260415153258.3 011 ## _a2949-1258 100 ## _a20260403b2026####ek#y0rusy0150####ca 102 ## _aRU 200 1# _aКонцептуальные трансформации современного маркетинга в условиях цифровой бизнес‐среды и развития виртуальных рынков _eЖурнальная статья 210 1# _aВладивосток _cФедеральное государственное бюджетное образовательное учреждение высшего образования "Владивостокский государственный университет" _d2026 215 ## _a10 с. 608 ## _aЖурнальная статья _2local 675 ## _aЭкономика. Народное хозяйство. Экономические науки. 33 _z 700 #1 _aЦзятун _gЛи 856 4# _avvgu.editorum.ru _u